South Eastern Kenya University

Library Online Public Access Catalogue


A textbook of physical chemistry / (Record no. 1857)

MARC details
000 -LEADER
fixed length control field 00284nam a22001217a 4500
050 00 - LIBRARY OF CONGRESS CALL NUMBER
Classification Number QD451
Item Number .G53
100 10 - MAIN ENTRY--Author
Personal name Glasstone, S.
245 12 - TITLE
Title A textbook of physical chemistry /
Statement of responsibility, etc S. Glasstone.
250 ## - EDITIONSTATEMENT
Edition statement 2nd ed.
300 ## - PHYSICAL DESCRIPTION
Extent xi,1320 p.
650 #0 - SUBJECT--TOPIC
Topical term following geographic name as entry element Physical chemistry.
942 ## - ADDED ENTRY ELEMENTS(KOHA)
Koha item type General circulation
Holdings
Source of classification or shelving scheme Not for loan Location (home branch) Sublocation (holding branch) Date accessioned Cost, normal purchase price Full call number Barcode Cost, replacement price Koha item type Public note
Library of Congress Classification   Main Campus Library Main Campus Library 26/08/2014 1500.00 QD451 .G53 001426 2000.00 General circulation Rono
Library of Congress Classification   Main Campus Library Main Campus Library 07/10/2014 1925.00 QD 451 .G53 2019/023177 2425.00 General circulation  
Kitui, Kenya.
+254736116989
library@seku.ac.ke